Statistics for Iconic First Names Quiz

Click here to take the quiz!

General Stats

  • This quiz has been taken 41 times
  • The average score is 13 of 19

Answer Stats

First Name Last Name % Correct
LeBronJames
100%
OprahWinfrey
97%
ElvisPresley
97%
BritneySpears
97%
KanyeWest
97%
KobeBryant
97%
BeyonceKnowles
89%
BernieSanders
87%
NapoleonBonaparte
84%
EllenDeGeneres
84%
ConanO'Brien
76%
TupacShakur
68%
KendrickLamar
61%
CheGuevara
47%
HillaryClinton
47%
GalileoGalilei
45%
KyrieIrving
42%
MiloYiannopoulos
13%
AdeleAdkins
8%

Score Distribution

Percentile by Number Answered

Percent of People with Each Score

Your Score History

You have not taken this quiz